000 01896cam a22004694i 4500
003 PE-LiUPU
005 20250731173440.0
008 150616s r 000 0 d
035 _a(Sirsi) a5672
040 _aPE-LiUPU
_bspa
_cPE-LiUPU
_erda
049 _aPRUA
082 0 4 _a220.418
_bC73
_221
110 2 _aGeneral Conference of Seventh-day Adventists. Committee on Problems in Bible Translation
245 1 0 _aProblems in Bible Translation.
264 1 _aWashington :
_bThe Review and Herald Publishing Association,
_c1954].
300 _a316 páginas ;
_c22 cm.
336 _atext
_2rdacontent
337 _aunmediated
_2rdamedia
338 _avolume
_2rdacarrier
505 0 _aThe Transmission and Preservation of the Bible Text.- A Survey of Translation Problems.- The Place of Biblical Languagges in the Life of the Church.- The E. G. White Counsel on Versions.- Our Historic Position on the Use of Various Versions.- Counsel Concernig the Use of Various Translations.- Principles of Biblical Interpretation.- Aplication of Old Testament Prophecies to New.
526 _aSEG42
526 _aSEG41
526 _aSEG40
526 _aSEG39
526 _aP94
526 _aP87
526 _aP86
526 _aP85
526 _aP77
526 _aP76
526 _aP35
610 2 _aIASD
_xDoctrinas.
630 _aBiblia
_xVersiones.
650 0 4 _aHermenéutica bíblica.
910 _ajck
_bjvq
_cjck
942 _2ddc
_cBOOK
949 _a220.418 C73
_wDEWEY
_c1
_i39383
_lCCODEBUL1
_mBUL
_p00.00
_r0
_sY
_tBOOK
_u19950927
_xTEOLOGIA
_zUNKNOWN
_0COMPRA
_o.STAFF. Colección General
994 _aC0
_bPEPRU
596 _a1
999 _a220.418 C73
_wDEWEY
_c56726
_i39383
_f2021-11-9
_g5
_lCCODEBUL1
_mBUL
_r0
_sY
_tBOOK
_u2015-6-16
_xTEOLOGIA
_zUNKNOWN
_0COMPRA
_o.STAFF. Colección General
_d56726
980 _81
_gALBERTO SANCHEZ Responsable de Automatización